000 00603nam a22001697a 4500
008 120417t xxu||||| |||| 00| 0 eng d
020 _a0072364068
050 _aHD69.17M29
245 _aInternational business /
_cFred Maidment
250 _a9th ed.
260 _aU.S.A.:
_bMcGraw- Hill,
_c2000.
300 _ax, 229 p.:
_bill;
_c29cm
505 _aContents: Introduction to international business -- International trade and foreign investment -- Economic theories on international trade, development and investment.
650 _aInternational Business
700 _aMaidment, Fred
942 _2lcc
_cBK
999 _c717
_d8217